El proyecto minero Potasio Río Colorado /
محفوظ في:
| المؤلف الرئيسي: | |
|---|---|
| مؤلفون آخرون: | |
| التنسيق: | نص |
| الوسوم: |
إضافة وسم
لا توجد وسوم, كن أول من يضع وسما على هذه التسجيلة!
|
MARC
| LEADER | 00000 a a2200000 04500 | ||
|---|---|---|---|
| 001 | 44760 | ||
| 003 | |||
| 040 | |||
| 100 | |a Wagner, Lucrecia S. | ||
| 245 | |a El proyecto minero Potasio Río Colorado / |c Lucrecia S. Wagner, Marcelo Giraud | ||
| 700 | |a Giraud, Marcelo | ||
| 773 | |g páginas 257-284 : mapas | ||
| 999 | |c 32939 |d 32939 | ||
